| Tag |
First Indicator |
Second Indicator |
Subfields |
| LEADER |
00000cam a2200000 4500 |
| 001 |
in00001402639 |
| 005 |
20151020052128.0 |
| 008 |
780919s19691968xx 000 0 eng u |
| 035 |
|
|
|a (OCoLC)04236903
|
| 035 |
|
|
|9 AHM2714AM
|
| 040 |
|
|
|c OWP
|d OCL
|d TXA
|d UtOrBLW
|
| 049 |
|
|
|a TXAM
|
| 090 |
|
|
|a PN44
|b .M27 1969
|
| 100 |
1 |
|
|a Magill, Frank N.
|q (Frank Northen),
|d 1907-1997.
|
| 245 |
1 |
0 |
|a Masterpieces of world literature in digest form ;
|b fourth series /
|c Edited by Frank N. Magill, with the assistance of Dayton Kohler and staff.
|
| 264 |
|
1 |
|a New York :
|b Harper,
|c [1969]
|
| 264 |
|
4 |
|c [©1968]
|
| 300 |
|
|
|a xxii, 1306, xxii pages ;
|c 24 cm.
|
| 336 |
|
|
|a text
|b txt
|2 rdacontent
|
| 337 |
|
|
|a unmediated
|b n
|2 rdamedia
|
| 338 |
|
|
|a volume
|b nc
|2 rdacarrier
|
| 500 |
|
|
|a "Original title: Masterplots"
|
| 500 |
|
|
|a "Cumulative author index: series one, two, three, and four": volume 4, p. i-xxii at end.
|
| 541 |
0 |
|
|a Donated by Stanley Archer ; October, 1997.
|
| 650 |
|
0 |
|a Literature
|v Collections.
|
| 650 |
|
0 |
|a Literature
|v Stories, plots, etc.
|
| 740 |
0 |
|
|a Masterplots.
|
| 700 |
1 |
|
|a Magill, Frank N.
|q (Frank Northen),
|d 1907-1997.
|t Masterplots.
|
| 700 |
1 |
|
|a Kohler, Dayton,
|d 1907-1972.
|
| 999 |
|
|
|a MARS
|
| 999 |
f |
f |
|s 9093de04-9164-3203-99db-1f4b5433c660
|i 5e80a79f-e91a-314a-95bb-401f6f94b31d
|t 0
|
| 952 |
f |
f |
|p ric
|a Texas A&M University
|b Rellis Campus
|c Joint Library Facility
|d Remote Storage
|t 0
|e PN44 .M27 1969
|h Library of Congress classification
|i unmediated -- volume
|m A14821637241
|
| 998 |
f |
f |
|a PN44 .M27 1969
|t 0
|l Remote Storage
|